Poetry, tales and seleted essays
Uloženo v:
| Hlavní autor: | |
|---|---|
| Médium: | Kniha |
| Jazyk: | Undetermined |
| Vydáno: |
New York, NY
The Library of America
1996
|
| Témata: | |
| Tagy: |
Přidat tag
Žádné tagy, Buďte první, kdo otaguje tento záznam!
|
| Thư viện lưu trữ: | Trung tâm Học liệu Trường Đại học Cần Thơ |
|---|
| LEADER | 00530nam a2200193Ia 4500 | ||
|---|---|---|---|
| 001 | CTU_125536 | ||
| 008 | 210402s9999 xx 000 0 und d | ||
| 082 | |a 818.309 | ||
| 082 | |b P743 | ||
| 100 | |a Poe, Edgar Allan | ||
| 245 | 0 | |a Poetry, tales and seleted essays | |
| 245 | 0 | |c Edgar Allan Poe | |
| 260 | |a New York, NY | ||
| 260 | |b The Library of America | ||
| 260 | |c 1996 | ||
| 650 | |a Fantastic literature, American | ||
| 650 | |y 19th century | ||
| 904 | |i Minh | ||
| 980 | |a Trung tâm Học liệu Trường Đại học Cần Thơ | ||